000 00736nam a2200253Ia 4500
003 OSt
005 20220912151454.0
006 a|||||r|||| 00| 0
007 ta
008 220909b |||||||| |||| 00| 0 eng d
024 _a35475
037 _cTextual
040 _aCSL
_beng
_cCSL
041 _aeng
082 _aC6:212p1,N76, L7
100 _aSomogyi L Kosa Ed.
111 _aINTERNATIONAL CONFERENCE ON AMORPHOUS SEMICONDUCTOR (1976 : Balaton fured)
245 0 _aProceedings on amorphous semiconductor
260 _aBudapest
_bAkademiai Kiado
_c1977
300 _a565p.
_ccm.
650 _aSemiconductors
942 _hC6:212p1,N76, L7
_cTEXL
_2CC
999 _c69319
_d69319